Physically based rendering : from theory to implementation (Record no. 85586)

MARC details
000 -LEADER
fixed length control field 00288 a2200109 4500
000 - LEADER
fixed length control field nam a22 7a 4500
020 ## - INTERNATIONAL STANDARD BOOK NUMBER
International Standard Book Number 9780128006450
100 ## - MAIN ENTRY--PERSONAL NAME
Personal name Pharr, Matt
245 ## - TITLE STATEMENT
Title Physically based rendering : from theory to implementation
250 ## - EDITION STATEMENT
Edition statement Third edition.
260 ## - PUBLICATION, DISTRIBUTION, ETC.
Name of publisher, distributor, etc. Elsevier,
Date of publication, distribution, etc. 2017

No items available.